Nature of the contraction of muscle

Elmentve itt :
Bibliográfiai részletek
Szerző: Szent-Györgyi Albert
Dokumentumtípus: Cikk
Megjelent: Macmillan and Company London 1951-03-10
Sorozat:Nature : a weekly journal of science 167 No. 4245
Kulcsszavak:Izom - izomösszehúzódás
Online Access:http://misc.bibl.u-szeged.hu/73417
LEADER 00706nab a2200181 i 4500
001 misc73417
005 20241127122750.0
008 241127s1951 hu o 000 eng d
040 |a SZTE Miscellanea Repozitórium  |b hun 
041 |a eng 
100 2 |a Szent-Györgyi Albert 
245 1 0 |a Nature of the contraction of muscle  |h [elektronikus dokumentum] /  |c  Szent-Györgyi Albert 
260 |a Macmillan and Company  |b London  |c 1951-03-10 
300 |a 380-381 
490 0 |a Nature : a weekly journal of science  |v 167 No. 4245 
561 |a Szent-Györgyi Albert tudományos és egyéb írásai 
695 |a Izom - izomösszehúzódás 
856 4 0 |u http://misc.bibl.u-szeged.hu/73417/1/szgya_amerikai_012.pdf  |z Dokumentum-elérés